000 00962nam a22002417a 4500
005 2012121005385.0
008 121210t xxu||||| |||| 00| 0 eng d
010 _aENG-106297
020 _a9789350515631
_c175.00
035 _aEN-89830
037 _bDBAD/PUB
040 _aDPL
_bEng
082 _a323.65
100 _954009
_aRamachandra,K.
245 _aCivic sense :
_cby K. Ramachandra , A. Shivaraj [and] B.N. Nagesha
_bincluding success stories and projects on civic sense /
260 _aNew Delhi
_bHimalaya Publishing House
_c2012
270 _aPooja Apartments, 4-B, Murari Lal Street, Ansari Road, Darya Ganj,
_bNew Delhi
_e110002
300 _a165p. :
_c24cm(pbk)
_bill.
700 _aShivaraj, A.
_954159
700 _aNagesha, B.N.
_954160
942 _2ddc
_cEN
_mRAM
_h323.65
999 _c71993
_d71993